| 000 | 004500000a22001210004500 | ||
|---|---|---|---|
| 100 | 1 | _aAlcalde, Jorge. | |
| 245 | 1 | 0 | _aRadiografia de la violencia. |
| 300 | _aVol.16, no.188 (2000),p. 41-53 | ||
| 520 | _aLa ciencia ha dado el pistoletazo de salida en la carrera por encontrar las claves del comportamiento agresivo, predecir las conductas daƱinas y curar a los violentos. | ||
| 650 | 1 | 4 | _aVIOLENCIA |
| 773 | 0 | _tRevista muy interesante | |
| 942 | _cANA | ||
| 999 |
_c63196 _d63196 |
||